=LDR 00000nam 2200000 4500 =001 INLIS000000000002360 =005 20130612090714 =008 ***********************************Ind** =035 ##$$0010-061300000002360 =041 ##$$a Ind =082 ##$$a 813.01 =090 ##$$a 813.01, kay p =100 ##$$a Kayam, Umar =245 ##$$a Parta krama, Umar Kayam =260 ##$$a 1997 $b Yogyakarta =300 ##$$a 82 hlm, 21 cm =650 ##$$a Cerita pendek-Indonesia =850 ##$$a NBPNMAT